Agreement with conditions of engagement for the appointment of an agent to let residential property in the private sector (Record no. 90421)

MARC details
000 -LEADER
fixed length control field 00938cam a2200289 4500
001 - CONTROL NUMBER
control field M2184
005 - DATE AND TIME OF LATEST TRANSACTION
control field 20260105163152.0
008 - FIXED-LENGTH DATA ELEMENTS--GENERAL INFORMATION
fixed length control field 090401t1996 xxu||||| |||| 00| 0 eng d
035 ## - SYSTEM CONTROL NUMBER
System control number (Sirsi) u37021
041 ## - LANGUAGE CODE
Language code of text/sound track or separate title eng
050 ## - LIBRARY OF CONGRESS CALL NUMBER
Classification number 331.2
090 ## - LOCALLY ASSIGNED LC-TYPE CALL NUMBER (OCLC); LOCAL CALL NUMBER (RLIN)
Classification number (OCLC) (R) ; Classification number, CALL (RLIN) (NR) RICS 1996/72ABCD
110 ## - MAIN ENTRY--CORPORATE NAME
Corporate name or jurisdiction name as entry element Royal Institution of Chartered Surveyors
9 (RLIN) 4900
245 ## - TITLE STATEMENT
Title Agreement with conditions of engagement for the appointment of an agent to let residential property in the private sector
260 ## - PUBLICATION, DISTRIBUTION, ETC.
Place of publication, distribution, etc. London
Name of publisher, distributor, etc. RICS
Date of publication, distribution, etc. 1996
300 ## - PHYSICAL DESCRIPTION
Extent 10p.
Dimensions 30cm.
350 ## - PRICE (NR) (BK AM CF MU VM SE) [OBSOLETE]
Price 6.99
490 ## - SERIES STATEMENT
Series statement RICS Conditions of Engagement
490 ## - SERIES STATEMENT
Series statement RICS Standard Form
520 ## - SUMMARY, ETC.
Summary, etc. Superseded by revised edition (M94452).
650 ## - SUBJECT ADDED ENTRY--TOPICAL TERM
Topical term or geographic name entry element LETTING AGENTS
650 ## - SUBJECT ADDED ENTRY--TOPICAL TERM
Topical term or geographic name entry element PRIVATE SECTOR
650 ## - SUBJECT ADDED ENTRY--TOPICAL TERM
Topical term or geographic name entry element RESIDENTIAL PROPERTY
9 (RLIN) 6266
690 ## - LOCAL SUBJECT ADDED ENTRY--TOPICAL TERM (OCLC, RLIN)
Topical term or geographic name as entry element PROPERTY-RESIDENTIAL PROPERTY-RESIDENTIAL LANDLORD AND TENANT-RESIDENTIAL TENANCIES
942 ## - ADDED ENTRY ELEMENTS (KOHA)
Suppress in OPAC 0
Source of classification or shelving scheme Dewey Decimal Classification
948 ## - LOCAL PROCESSING INFORMATION (OCLC); SERIES PART DESIGNATOR (RLIN)
c (OCLC) 04/03/1997
Holdings
Withdrawn status Lost status Source of classification or shelving scheme Damaged status Not for loan Home library Current library Shelving location Date acquired Cost, normal purchase price Total Checkouts Full call number Barcode Date last seen Copy number Cost, replacement price Price effective from Koha item type
    Dewey Decimal Classification     London London RICS Boxes 19/09/1996 6.99   RICS 1996/72 30050363 06/08/2019 1 6.99 06/08/2019 Archive
    Dewey Decimal Classification     London London RICS Boxes 19/09/1996 6.99   RICS 1996/72 30050364 06/08/2019 2 6.99 06/08/2019 Reference material
    Dewey Decimal Classification     London London RICS Boxes 19/09/1996 6.99   RICS 1996/72 30050365 06/08/2019 3 6.99 06/08/2019 Book